[Event "25th Klatovy B 2017"]
[Site "Klatovy CZE"]
[Date "2017.07.09"]
[Round "9.50"]
[White "Skalicky, Jindrich"]
[Black "Zimmermann, Ladislav"]
[Result "1/2-1/2"]
[WhiteElo "1274"]
[BlackElo "1320"]
[PlyCount "62"]
[EventDate "2017.07.01"]
[EventType "swiss"]
[EventRounds "9"]
[EventCountry "CZE"]

1. e4 e5 2. Nf3 d6 3. Bc4 Bg4 4. Nc3 c6 5. O-O Nd7 6. h3 Bh5 7. g4 Bg6 8. Re1 Nb6 9. Bb3 Qd7 10. Nh4 Ne7 11. Nxg6 Nxg6 12. Qf3 Nh4 13. Qg3 Be7 14. d3 h6 15. Be3 Ng6 16. Rad1 Bh4 17. Qf3 Qe7 18. Ne2 Qf6 19. Qxf6 Bxf6 20. Rf1 Nh4 21. f4 g5 22. fxg5 Bxg5 23. Bxf7+ Ke7 24. Bxg5+ hxg5 25. Bb3 Rhf8 26. Rxf8 Rxf8 27. Rf1 Nf3+ 28. Kg2 Nh4+ 29. Kg1 Nf3+ 30. Kg2 Nd2 31. Rxf8 Kxf8 1/2-1/2

[Event "25th Klatovy B 2017"]
[Site "Klatovy CZE"]
[Date "2017.07.09"]
[Round "9.51"]
[White "Velkoborsky, Jan"]
[Black "Vilimek, Vit"]
[Result "1-0"]
[WhiteElo "1058"]
[BlackElo "1276"]
[PlyCount "93"]
[EventDate "2017.07.01"]
[EventType "swiss"]
[EventRounds "9"]
[EventCountry "CZE"]

1. e4 c5 2. Nf3 Nc6 3. Nc3 e6 4. d3 d6 5. Bf4 Nf6 6. e5 dxe5 7. Nxe5 Qc7 8. Qe2 Bd6 9. Nb5 Qa5+ 10. Nc3 Nxe5 11. Bxe5 Bxe5 12. Qxe5 O-O 13. d4 Qb6 14. Qxc5 Qxb2 15. Rd1 Qxc2 16. Bd3 Qb2 17. Rb1 b6 18. Qxf8+ Kxf8 19. Rxb2 Bb7 20. O-O Rd8 21. Nb5 Ba6 22. Rd2 Ne4 23. Bxe4 Bxb5 24. Rb1 Rc8 25. h3 Ba4 26. d5 exd5 27. Bxd5 Rd8 28. Rb4 Be8 29. Re4 f6 30. Rh4 Ke7 31. Re4+ Kf8 32. Rde2 Bb5 33. Bc4 Rd1+ 34. Kh2 Bc6 35. Re6 Ba4 36. Bb3 Bxb3 37. axb3 Rb1 38. Re8+ Kf7 39. R2e7+ Kg6 40. Rxa7 Rxb3 41. Rg8 Kh6 42. Rgxg7 b5 43. g4 f5 44. g5+ Kh5 45. Ra6 Rxh3+ 46. Kxh3 b4 47. Rh6# 1-0

[Event "25th Klatovy B 2017"]
[Site "Klatovy CZE"]
[Date "2017.07.09"]
[Round "9.52"]
[White "Vavrinkova, Marie"]
[Black "Bukvaj, Jan"]
[Result "1-0"]
[WhiteElo "1130"]
[BlackElo "1100"]
[PlyCount "101"]
[EventDate "2017.07.01"]
[EventType "swiss"]
[EventRounds "9"]
[EventCountry "CZE"]

1. e4 e5 2. Nf3 Nc6 3. Bb5 Bc5 4. O-O Nf6 5. Bxc6 bxc6 6. Nxe5 d6 7. Nxc6 Qd7 8. Na5 Qb5 9. Nb3 Bg4 10. Nc3 Bxd1 11. Nxb5 Bxc2 12. Nxc7+ Ke7 13. Nxa8 Rxa8 14. Nxc5 dxc5 15. b3 Nxe4 16. Re1 Rd8 17. f3 f5 18. fxe4 fxe4 19. Re2 Bd3 20. Re1 Rd4 21. Bb2 Rd5 22. Ba3 g5 23. Rac1 Kd6 24. b4 cxb4 25. Bxb4+ Ke5 26. Rc5 h5 27. Bc3+ Kd6 28. Rxd5+ Kxd5 29. Bh8 h4 30. Rc1 g4 31. Rc7 g3 32. hxg3 hxg3 33. Rxa7 Kc4 34. a4 Kb3 35. a5 Kc2 36. Bc3 Kd1 37. a6 Ke2 38. Ra8 e3 39. dxe3 Kxe3 40. Re8+ Kf4 41. a7 Be4 42. a8=Q Bxa8 43. Rxa8 Kg4 44. Rf8 Kh4 45. Rg8 Kh5 46. Rxg3 Kh4 47. Kf2 Kh5 48. Kf3 Kh4 49. Bb4 Kh5 50. Kf4 Kh4 51. Rh3# 1-0

[Event "25th Klatovy B 2017"]
[Site "Klatovy CZE"]
[Date "2017.07.09"]
[Round "9.53"]
[White "Skrivan, Matej 2008"]
[Black "Bukvaj, Martin"]
[Result "1/2-1/2"]
[WhiteElo "1100"]
[BlackElo "1100"]
[PlyCount "129"]
[EventDate "2017.07.01"]
[EventType "swiss"]
[EventRounds "9"]
[EventCountry "CZE"]

1. c4 c5 2. Nc3 e5 3. e4 Nc6 4. g3 Nf6 5. Bg2 g6 6. Nf3 Bg7 7. O-O d6 8. d3 O-O 9. Bg5 Nd4 10. Nxd4 cxd4 11. Nd5 Be6 12. Qd2 Bxd5 13. exd5 Re8 14. c5 dxc5 15. a4 b6 16. b4 cxb4 17. Qxb4 Qe7 18. Qxe7 Rxe7 19. d6 Rd7 20. Bxf6 Bxf6 21. Bxa8 Rxd6 22. Bb7 Rd7 23. Bc6 Rd6 24. Be8 Re6 25. Bd7 Re7 26. Bc6 Rc7 27. Bb5 Rc3 28. Rfc1 Rb3 29. h4 h5 30. Bc4 Rb4 31. a5 bxa5 32. Rxa5 Rb7 33. Bd5 Rd7 34. Bc6 Re7 35. Bb5 Rb7 36. Rc8+ Kg7 37. f4 exf4 38. gxf4 Bxh4 39. Kf1 Re7 40. Ra1 Rb7 41. Rc5 f5 42. Rd5 Bg3 43. Rd7+ Rxd7 44. Bxd7 Bxf4 45. Bxf5 gxf5 46. Rxa7+ Kf6 47. Rd7 Be5 48. Rd5 f4 49. Kg2 h4 50. Kh3 f3 51. Kxh4 f2 52. Rd8 f1=Q 53. Rf8+ Ke6 54. Rxf1 Kd5 55. Ra1 Ke6 56. Ra6+ Kf5 57. Ra8 Kf4 58. Ra1 Ke3 59. Kg5 Kxd3 60. Kf5 Bd6 61. Ke6 Bb4 62. Kd5 Bc3 63. Rd1+ Ke2 64. Rxd4 Bxd4 65. Kxd4 1/2-1/2